| 000 | 00556cas a22002055a 4500 | ||
|---|---|---|---|
| 001 | L138704 | ||
| 008 | 070704d19891995xxkbr p 0 a0eng u | ||
| 022 | 1 | _a0957-8773 | |
| 035 | _a(Sirsi) u138704 | ||
| 041 | 0 | _aeng | |
| 110 | 2 |
_aChartered Institute of Building _92134 |
|
| 245 | 0 | 0 | _aChartered Builder |
| 260 |
_aAscot _bCIOB _c1989-1995 |
||
| 362 | 0 | _a1(1) September/October 1989-7(5) June 1995 | |
| 554 | _aSix per year | ||
| 651 | 4 |
_aUnited Kingdom _y |
|
| 690 | _aBUILT ENVIRONMENT | ||
| 785 | 0 | 0 |
_tConstruction Manager _x1360-3566 |
| 942 | _n0 | ||
| 999 |
_c119015 _d119015 |
||